| 000 | 00383nam a22001451a 4500 | ||
|---|---|---|---|
| 082 |
_aM301 _bMAT/T |
||
| 100 | _aMathew Nellikkunnu | ||
| 245 |
_aThudi kottiyum thamburu meettiyum/ _cby Mathew Nellikkunnu |
||
| 260 |
_a[s.l.]: _bMathew Nellikkunnu _c1999. |
||
| 300 | _a112p. | ||
| 650 | _aStories Malayalam | ||
| 650 | _aLiterature Malayalam | ||
| 650 | _aLiterature | ||
| 942 | _cBK | ||
| 999 |
_c47133 _d47133 |
||